Allgemeinwissen - Polizei NRW - Statistiken

Allgemein
  • Dieses Quiz wurde 246 mal gespielt
  • Das Durchschnittsergebnis liegt bei 11 aus 15
Antwortstatistiken
Frage Antwort % Korrekt
Müssen sich Bewerber für die Landespolizei NRW einem Eignungstest unterziehen? Ja
97%
Ist jeder Polizist der Landespolizei NRW automatisch auch Mitglied der Bundespolizei? Nein
95%
Hat die Landespolizei NRW die Befugnis, Verkehrskontrollen durchzuführen? Ja
93%
Ist die Landespolizei NRW für die allgemeine Sicherheit in Nordrhein-Westfalen verantwortlich? Ja
92%
Gibt es bei der Landespolizei NRW spezielle Einheiten für Cyberkriminalität? Ja
90%
Kann die Landespolizei NRW eigenständig Gesetze erlassen? Nein
88%
Darf die Landespolizei NRW ohne richterlichen Beschluss Haftbefehle ausstellen? Nein
84%
Dürfen Polizeibeamte der Landespolizei NRW Streik ausüben? Nein
79%
Unter welchen Voraussetzungen darf die Landespolizei NRW Telekommunikationsüberwachung einsetzen? Nur mit richterlichem Beschluss
77%
Ist die Landespolizei NRW für die Verfolgung von Steuerdelikten zuständig? Nein
76%
Welche Rolle spielt die Landespolizei NRW bei Großveranstaltungen hinsichtlich der Terrorismusprävention? Die Polizei führt aktive Überwachung und Risikoanalysen durch
75%
Inwiefern ist die Landespolizei NRW an internationalen Polizeikooperationen beteiligt? Über Interpol und EUROPOL in internationalen Fällen
56%
Wie wird innerhalb der Landespolizei NRW gegen Korruption vorgegangen? Durch das Einrichten einer speziellen Antikorruptionsstelle
55%
Wie wird der Datenschutz im Rahmen von polizeilichen Ermittlungen durch die Landespolizei NRW gewährleistet? Durch das Landesdatenschutzgesetz NRW kombiniert mit internen Richtlinien
40%
Muss man deutsche Staatsbürgerschaft besitzen, um bei der Landespolizei NRW arbeiten zu können? Nein
31%
Keine übereinstimmenden Quizze gefunden
Verteilung der Resultate
Anzahl Personen mit jedem Resultat
Perzentil nach korrekt beantworteten Fragen
Ihre Resultats-Entwicklung
Sie haben dieses Quiz noch nicht gespielt